000 00643nam a2200241Ia 4500
003 OSt
005 20220912151345.0
006 a|||||r|||| 00| 0
007 ta
008 220909b |||||||| |||| 00| 0 eng d
024 _a44737
037 _cTextual
040 _aCSL
_beng
_cCSL
041 _aeng
082 _aE:3,E1, L8.2
100 _aEpton Roger Ed.
245 0 _aChromatography of synthetic and biological polymers
260 _aChichester
_bEllis Horwood
_c1978
300 _aix, 353p.
_ccm.
650 _aChromatography
942 _hE:3,E1, L8.2
_cTEXL
_2CC
999 _c66910
_d66910